| 000 | 00644nam a2200205Ia 4500 | ||
|---|---|---|---|
| 005 | 20260429112311.0 | ||
| 008 | 260429s9999||||xx |||||||||||||| ||und|| | ||
| 020 | _a9789348610485 | ||
| 041 | _aEnglish | ||
| 082 |
_a954.83 _bDAN |
||
| 100 | _aDanvers, Frederick Charles | ||
| 245 | 0 |
_aPortuguese in India : _bbeing a history of the rise and decline of their eastern empire, Vol. ii / _cFrederick Charles Danvers |
|
| 250 | _a1st ed. | ||
| 260 |
_aDelhi : _bB.R. Publishing Corporation, _c2025. |
||
| 300 | _aliii, 572 p.; hb | ||
| 650 | _a Colonial history | ||
| 650 | _a Maritime empire | ||
| 650 | _aPortuguese India | ||
| 942 | _cTB | ||
| 999 |
_c53377 _d53377 |
||